Andrea Palladio

Uloženo v:
Podrobná bibliografie
Hlavní autor: Asensio, Paco (Autor)
Médium: Kniha
Jazyk:španělština
Vydáno: Barcelona Loft 2002
Témata:
Tagy: Přidat tag
Žádné tagy, Buďte první, kdo vytvoří štítek k tomuto záznamu!

MARC

LEADER 00000nam a2200000 a 4500
001 UCK3054
003 CL-VaPUC
008 050408e20020000SP |||||||||||||||||spa|d
020 |a 8489439826 
082 0 4 |a 724.1  |b ASE  |2 21 
100 0 |a Asensio, Paco  |e author  |9 491092 
245 1 0 |a Andrea Palladio 
300 |a 79 p 
942 |c BK 
945 |d 20050408 00:00:00  |a cmena 
260 |a Barcelona  |b Loft  |c 2002 
600 0 |a Palladio, Andrea  |d 1508-1580  |9 491093 
650 0 |a Arquitectos italianos   |9 407414 
650 0 |a Arquitectura renacentista   |9 265337 
583 |a last modification  |c 20050408 00:00:00  |k Rodrigo Vera 
999 |c 312392  |d 312390 
952 |0 0  |1 0  |4 0  |6 724_100000000000000_ASE_2002  |7 0  |8 A  |9 382716  |a BIBHIS  |b BIBHIS  |d 2019-11-21  |i 4109619  |o 724.1 ASE 2002  |p 4109619  |r 2025-01-20  |w 2019-11-21  |y BK  |k HIS